Организация оказания медицинской помощи при социально значимых заболеваниях. Ч. 4: Болезни системы кровообращения (в т. ч. характеризующиеся повышенным кровяным давлением). Инфекции, передающиеся половым путем (Запись № 13545068)
[ простой вид ]
| 000 -МАРКЕР | |
|---|---|
| контрольное поле | 02661nam2a2200313 4500 |
| 001 - ИДЕНТИФИКАТОР ЗАПИСИ | |
| контрольное поле | RU\NLR\BIBL_A\022715318 |
| 005 - ИДЕНТИФИКАТОР ВЕРСИИ | |
| контрольное поле | 20260302151431.0 |
| 010 ## - МЕЖДУНАРОДНЫЙ СТАНДАРТНЫЙ НОМЕР КНИГИ (ISBN) | |
| Номер (ISBN) | 978-5-00259-080-3 |
| Тираж | 300 |
| 021 ## - НОМЕР ГОСУДАРСТВЕННОЙ РЕГИСТРАЦИИ | |
| Код страны | Российская Федерация |
| Номер | КН-П-25-076032 |
| Номер Листа государственной регистраци | КН-П-25-7367 |
| 035 ## - ДРУГИЕ СИСТЕМНЫЕ НОМЕРА | |
| Идентификатор записи | (NLR Aleph) 022715318 |
| 100 ## - ДАННЫЕ ОБЩЕЙ ОБРАБОТКИ | |
| Данные общей обработки | 20260202d2025 u y0rusy50 ca |
| 101 0# - ЯЗЫК РЕСУРСА | |
| Язык текста, звукозаписи и т.д. | русский |
| 102 ## - СТРАНА ПУБЛИКАЦИИ ИЛИ ПРОИЗВОДСТВА | |
| Страна публикации | Российская Федерация |
| 105 ## - ПОЛЕ КОДИРОВАННЫХ ДАННЫХ: ТЕКСТОВЫЕ МАТЕРИАЛЫ, МОНОГРАФИЧЕСКИЕ | |
| Кодированные данные о монографическом текстовом документе | a j 000yy |
| 200 1# - ЗАГЛАВИЕ И СВЕДЕНИЯ ОБ ОТВЕТСТВЕННОСТИ | |
| Основное заглавие | Болезни системы кровообращения (в т. ч. характеризующиеся повышенным кровяным давлением). Инфекции, передающиеся половым путем |
| 210 ## - ПУБЛИКАЦИЯ, РАСПРОСТРАНЕНИЕ И ДР. | |
| Дата издания, распространения и т.д. | 2025 |
| 215 ## - ФИЗИЧЕСКАЯ ХАРАКТЕРИСТИКА | |
| Специфическое обозначение материала и объем | 31 с. |
| Другие сведения о физической характеристике | ил. |
| 320 ## - ПРИМЕЧАНИЯ О НАЛИЧИИ В ДОКУМЕНТЕ БИБЛИОГРАФИИ / УКАЗАТЕЛЯ | |
| Текст примечания | Библиогр.: с. 31 (9 назв.) и в подстроч. примеч. |
| 461 #0 - УРОВЕНЬ НАБОРА | |
| Встроенное поле | 001RU\NLR\BIBL_A\022059029 |
| -- | 2001#$aОрганизация оказания медицинской помощи при социально значимых заболеваниях$vЧ. 4 |
| Системный номер (АБИС) связанной записи | 12621626 |
| Место публикации | Санкт-Петербург |
| Дата публикации | 2022 |
| Первые сведения об ответственности | В. С. Скрипов, кандидат медицинских наук, Н. И. Вишняков, доктор медицинских наук, профессор, заслуженный деятель науки Российской Федерации, Л. В. Кочорова, доктор медицинских наук, профессор [и др.] |
| Имя издателя, распространителя и т.д. | РИЦ ПСПбГМУ |
| Сведения, относящиеся к заглавию | учебное пособие : для студентов медицинских вузов, клинических ординаторов, обучающихся по специальности "Организация здравоохранения и общественное здоровье" и по клиническим специальностям : в 4 ч. |
| Заглавие | Организация оказания медицинской помощи при социально значимых заболеваниях |
| ISBN | 9785889998181 |
| Номер тома | Ч. 4 |
| 517 1# - ДРУГИЕ ВАРИАНТЫ ЗАГЛАВИЯ | |
| Вариант заглавия | Инфекции, передающиеся половым путем |
| 606 1# - НАИМЕНОВАНИЕ ТЕМЫ КАК ПРЕДМЕТ | |
| Наименование темы | Кардиологическая помощь |
| Формальный подзаголовок | Учебные издания для высших учебных заведений |
| Тематический подзаголовок | Организация |
| Системный номер авторитетной/нормативной записи | 1287644 |
| Идентификатор авторитетной/нормативной записи | RU\NLR\AUTH\66531854 |
| 606 1# - НАИМЕНОВАНИЕ ТЕМЫ КАК ПРЕДМЕТ | |
| Наименование темы | Кожно-венерологическая помощь |
| Формальный подзаголовок | Учебные издания для высших учебных заведений |
| Тематический подзаголовок | Организация |
| Географический подзаголовок | Российская Федерация |
| Системный номер авторитетной/нормативной записи | 2403764 |
| Идентификатор авторитетной/нормативной записи | RU\NLR\AUTH\661432691 |
| 686 1# - ИНДЕКСЫ ДРУГИХ КЛАССИФИКАЦИЙ | |
| Индекс | Р11(2)284.10я73 |
| 686 1# - ИНДЕКСЫ ДРУГИХ КЛАССИФИКАЦИЙ | |
| Индекс | Р11(2)285.8я73 |
| 942 ## - ДОПОЛНИТЕЛЬНЫЕ ЭЛЕМЕНТЫ ЗАПИСИ (АБИС) | |
| Тип экземпляра АБИС | Книга |
| 980 ## - КОЛЛЕКЦИЯ | |
| Название коллекции | Национальная библиография |
Нет доступных экземпляров.